000
00297nam a22001337a 4500
008
170228b xxu||||| |||| 00| 0 eng d
020
_a
9781435419254
041
_a
eng
080
_2
4TH
_a
61
100
_a
4
101
_a
SHM
245
_a
CLINICAL MEDICAL ASSISTING
_c
LINDH, W.Q
942
_2
udc
_c
BK
999
_c
6379
_d
6379